<?xml version="1.0" encoding="UTF-8"?>
<record
    xmlns:xsi="http://www.w3.org/2001/XMLSchema-instance"
    xsi:schemaLocation="http://www.loc.gov/MARC21/slim http://www.loc.gov/standards/marcxml/schema/MARC21slim.xsd"
    xmlns="http://www.loc.gov/MARC21/slim">

  <leader>01047nam a2200157Ia 4500</leader>
  <controlfield tag="005">20260302161543.0</controlfield>
  <controlfield tag="008">260302s9999    xx          000 0 und d</controlfield>
  <datafield tag="020" ind1=" " ind2=" ">
    <subfield code="a">9780521109062</subfield>
  </datafield>
  <datafield tag="082" ind1=" " ind2=" ">
    <subfield code="a">338.9</subfield>
    <subfield code="b">LEO</subfield>
  </datafield>
  <datafield tag="100" ind1=" " ind2=" ">
    <subfield code="a">Leontief, W.</subfield>
  </datafield>
  <datafield tag="245" ind1=" " ind2="0">
    <subfield code="a">Structure, System and Economic Policy / </subfield>
    <subfield code="c">Leontief, W.</subfield>
  </datafield>
  <datafield tag="260" ind1=" " ind2=" ">
    <subfield code="b">Cambridge University Press, </subfield>
    <subfield code="c">2009</subfield>
  </datafield>
  <datafield tag="520" ind1=" " ind2=" ">
    <subfield code="a">This is a volume of papers organized by Professor Leontief for the 1976 meeting of the Economics section of the British Association for the Advancement of Science. After a paper by Professor Leontief applying input-output to the future of the world economy, other papers consider prices, regional problems, material supplies, urban problems, technical progress, unemployment and energy policy. There are two papers with a broader view of the British economy, one surveying government policy on the industrial structure of the economy and one considering the use of input-output for monitoring the development of the economy.</subfield>
  </datafield>
  <datafield tag="650" ind1=" " ind2=" ">
    <subfield code="a">Business &amp; Economics</subfield>
  </datafield>
  <datafield tag="942" ind1=" " ind2=" ">
    <subfield code="c">ENGLISH</subfield>
  </datafield>
  <datafield tag="999" ind1=" " ind2=" ">
    <subfield code="c">616690</subfield>
    <subfield code="d">616690</subfield>
  </datafield>
  <datafield tag="952" ind1=" " ind2=" ">
    <subfield code="0">0</subfield>
    <subfield code="1">0</subfield>
    <subfield code="4">0</subfield>
    <subfield code="7">0</subfield>
    <subfield code="a">ACL</subfield>
    <subfield code="b">ACL</subfield>
    <subfield code="c">4A</subfield>
    <subfield code="d">2026-03-02</subfield>
    <subfield code="l">0</subfield>
    <subfield code="o">338.9 LEO</subfield>
    <subfield code="p">197658</subfield>
    <subfield code="r">2026-03-02 16:15:43</subfield>
    <subfield code="w">2026-03-02</subfield>
    <subfield code="y">ENGLISH</subfield>
  </datafield>
</record>
